Innovations and advances in computing, informatics, systems sciences, networking and engineering lecture notes in electrical engineering

Salvato in:
Dettagli Bibliografici
Natura: Periodico
Pubblicazione: Cham Springer International Publishing AG/Springer Nature
Tags: Aggiungi Tag
Nessun Tag, puoi essere il primo ad aggiungerne!!

MARC

LEADER 00000nas1a2200000 4500
001 0269933
005 20250701092134.7
022 |a 1876-1119 
022 |a 1876-1100 
044 |a CH 
245 1 0 |a Innovations and advances in computing, informatics, systems sciences, networking and engineering  |b lecture notes in electrical engineering 
264 1 |a Cham  |b Springer International Publishing AG/Springer Nature